Before and After II Quiz Stats

 Plays Quiz Updated Oct 23, 2018

Score 0/16 Timer 06:00
1 Play Today
Hint (Before) Answer % Correct
Casino card game also known as Twenty-oneBlack Jack Black
89.2%
Beatles Lead GuitaristGeorge Harrison Ford
81.4%
1987 Jennifer Grey and Patrick Swayze movieDirty Dancing with the Stars
80.7%
CBS sitcom with Neil Patrick HarrisHow I Met Your Mother Teresa
76.1%
HBO Sarah Jessica Parker TV showSex and the City of Brotherly Love
68.9%
1998 Ben Stiller and Cameron Diaz comedyThere's Something About Mary Shelley
63.1%
The director of 'Armageddon' and 'Transformers'Michael Bay of Pigs
58.4%
Beer themed stadium of the Colorado RockiesCoors Field of Dreams
56.2%
Hint (Before) Answer % Correct
Wacky 'Seinfeld' neighbor (first name needed)Cosmo Kramer vs. Kramer
49.7%
Singer of 'Good Golly, Miss Molly' and 'Tutti Frutti'Little Richard Nixon
49.1%
John Grisham novelA Time to Kill a Mockingbird
47.8%
The Thing, Mr Fantastic, Human Torch, and Invisible WomanThe Fantastic Four Seasons
47.2%
Won the Oscar for Best Actor for 'My Left Foot'Daniel Day-Lewis Carroll
29.8%
1984 Don Henley song that peaked at #5 on the chartsBoys of Summer of '69
25.1%
Author of 'Do not go gentle into that good night'Dylan Thomas Jefferson
24.3%
1988 Philip Kaufman film (based on the Milan Kundera novel)The Unbearable Lightness of Being John Malkovich
7.2%

You're not logged in!

Compare scores with friends on all Sporcle quizzes.
OR
Log In

Sporcle TV

Today on Sporcle TV


Watch our educational content, quiz creation guides, and fun videos on Sporcle TV.

Show Comments

Extras

Top Quizzes Today


Score Distribution

Your Account Isn't Verified!

In order to create a playlist on Sporcle, you need to verify the email address you used during registration. Go to your Sporcle Settings to finish the process.

Report this User

Report this user for behavior that violates our Community Guidelines.

Details: